000 00313nam a22001337a 4500
008 170605b xxu||||| |||| 00| 0 eng d
020 _a9780520210981
041 _aeng
080 _a94
100 _a18
101 _aSHH
245 _aEXLLED IN PARADISE GERMAN REFUGEE ARTISTS
_cHEILBUT.A
942 _2udc
_cBK
999 _c15841
_d15841